|
|
|
|
| LEADER |
00000nam a2200000 i 4500 |
| 001 |
DIGSBED0104 |
| 003 |
NyNyDIG |
| 006 |
m o d |
| 007 |
cr ||||||||||| |
| 008 |
231022s2023 ag ob 000 0 spa d |
| 035 |
|
|
|a (OCoLC)1406036703
|
| 040 |
|
|
|a DGITA
|b eng
|e rda
|e pn
|c DGITA
|
| 020 |
|
|
|z 9789878918891
|
| 043 |
|
|
|a s------
|
| 050 |
1 |
4 |
|a HQ1527 ebook
|
| 245 |
0 |
0 |
|a Narrar la pandemia desde los feminismos al sur del sur :
|b vida cotidiana, violencia(s), cuidados /
|c Valeria Fernández Hasan, (coordinadora).
|
| 250 |
|
|
|a 1a edición.
|
| 264 |
|
1 |
|a Ciudad Autónoma de Buenos Aires :
|b Sb Editorial,
|c [2023]
|
| 300 |
|
|
|a 1 online resource.
|
| 336 |
|
|
|a text
|b txt
|2 rdacontent
|
| 337 |
|
|
|a computer file
|b c
|2 rdamedia
|
| 338 |
|
|
|a online resource
|b cr
|2 rdacarrier
|
| 347 |
|
|
|a text file
|2 rdaft
|
| 347 |
|
|
|b PDF
|
| 504 |
|
|
|a Includes bibliographical references.
|
| 588 |
0 |
|
|a Online resource; title from PDF title page (Digitalia, viewed October 22, 2023)
|
| 650 |
|
0 |
|a Women
|z South America
|x Social conditions.
|
| 650 |
|
0 |
|a Feminism
|v Personal narratives.
|
| 650 |
|
0 |
|a COVID-19 Pandemic, 2020-
|z South America.
|
| 700 |
1 |
|
|a Hasan, Valeria Fernández,
|e editor.
|
| 776 |
0 |
8 |
|i Print version:
|a Hasan, Valeria Fernández.
|t Narrar la pandemia desde los feminismos al sur del sur.
|b 1a edición.
|d Ciudad Autónoma de Buenos Aires : Sb Editorial, [2023]
|z 9789878918891
|
| 791 |
2 |
|
|a Digitalia (Firm),
|e distributor.
|
| 793 |
0 |
|
|g Digitalia eBook Collection:
|a Sb Editorial
|
| 856 |
4 |
0 |
|3 Digitalia Hispánica
|u https://www.digitaliapublishing.com/a/129966/
|
| 910 |
|
|
|a Premium collection: 2023
|